01352nam a22001817a 450000500170000000800450001702000180006205000190008010000030009924500690010225000140017126000530018530000320023850000340027050508190030470000210112370000260114420230614143508.0230614b ||||XCV | |||| 00| 0 eng d a9780073511320 aHD4901.M15(8e)  aContemporary labour economics / cCampbell R. McConnell et al .- a8th ed.  aNew YorkbMcGraw-Hill, Higher Education, c2009. axiv, 625 p.: bll.;c24 cm. aIncludes glossary and index.  aContent: Labor economics : Introduction and overview -- The theory of individual labor supply -- Population, participation rates, and hours of work -- Labor quality: Investing in human capital -- The demand for labor -- Wage determination and allocation of labor -- Alternative pay scheme and labor efficiency -- Wage structure -- Mobility, migration, and efficiency -- Labor union and collective bargaining -- The economic impact of union -- Government and the labor market: Employment, expenditure, and taxation -- Government and the labor market: Legislation and regulation -- Labor market discrimination -- Job search: External and internal -- The distribution of personal earning -- Labor productivity: Wages, prices, and employment -- Employment and unemployment -- Information sources in labor economics.  aBrue, Stanley L. aMacpherson, David A.